| 000 | 01165nam a2200301 i 4500 | ||
|---|---|---|---|
| 005 | 20220317000234.0 | ||
| 007 | ta | ||
| 008 | 210817r20112019sp a0 sjr 0 s spa d | ||
| 020 | _a9789587055818 | ||
| 040 |
_aCO-BoRNBP _bspa _erda _cCO-BoRNBP |
||
| 041 | 0 | _aspa | |
| 084 | _aP DET1 | ||
| 245 | 0 | 0 |
_aDe todo corazón _b111 poemas de amor _cseleccionado e introducción por José María Plaza ; ilustrado por Ágatha Ruiz de la Prada |
| 250 |
_aPrimera edición _bNovena reimpresión, Décima reimpresión |
||
| 264 | 1 |
_aBogotá _aMadrid _bEdiciones SM _c2011 _c2017 _c2019 |
|
| 300 |
_a206 páginas _bilustraciones a color _c19 cm |
||
| 336 |
_atexto _btxt _2rdacontent |
||
| 337 |
_asin mediación _bn _2rdamedia |
||
| 338 |
_avolumen _bnc _2rdacarrier |
||
| 490 | 0 |
_aEl barco de vapor. Roja _v115 |
|
| 521 | _aRecomendado para un público mayor de 12 años | ||
| 650 | 1 | 7 |
_aPoesía española _vColecciones _2ARMARC |
| 650 | 1 | 7 |
_aLiteratura española _vColecciones _2ARMARC |
| 650 | 1 | 7 |
_aAmor _vPoesía _2ARMARC |
| 700 | 1 |
_aRuíz de la Prada, Ágatha _d1960- _eilustradora _9181584 |
|
| 700 | 1 |
_aPlaza Plaza, José María _d1964- _eprologuista _999231 |
|
| 942 |
_2loc _cBKLIT |
||
| 999 |
_c3488 _d3488 |
||